000 01136cam a2200325 a 4500
999 _c9916
_d9916
001 9916
003 BD-JhCC
005 20180403121722.0
008 180403s1989 nyua b 001 0deng
020 _a0816020906 (alk. paper)
035 _a(BD-JhCC)9916
040 _aDLC
_cDLC
_dDLC
_dBD-JhCC
041 _aeng
050 0 0 _aDC148
_b.K56 1989
082 0 0 _a944.04
_220
_bKIR 1989
100 1 _aKirchberger, Joe H.
245 1 4 _aThe French Revolution and Napoleon :
_ban eyewitness history /
_cJoe H. Kirchberger.
260 _aNew York, NY, USA :
_bFacts on File,
_cc1989.
300 _axxiii, 376 p. :
_bill. ;
_c29 cm.
440 4 _aThe Eyewitness history series
500 _aIncludes index.
504 _aBibliography: p. 357-368.
600 0 0 _aNapoleon
_cEmperor of the French,
_d1769-1821
_xContemporaries.
651 0 _aFrance
_xHistory
_yRevolution, 1789-1799.
651 0 _aFrance
_xHistory
_yRevolution, 1789-1799
_xSources.
651 0 _aFrance
_xHistory
_yConsulate and First Empire, 1799-1815
_xSources.
651 0 _aFrance
_xHistory
_yRevolution, 1789-1799
_xPersonal narratives.
942 _2ddc
_cBK